00892nam a2200265 a 450000100060000000300080000600500170001400800410003103500190007204000350009104100080012608200240013424500590015825000140021726000360023130000250026750400410029250500310033365000210036465000320038570000310041794200120044899900170046095201490047761189BD-RjUL20211209080930.0170115s19711965enka b 000 0 eng d a(BD-RjUL)61313 aBD-RjULcBD-RjULdBD-RjULbeng aeng a371.3223bTEC 197110aTechniques of teaching /cEdited by A. D. C. Peterson. a[1st ed.] aOxford :bPergamon Press,c1971 av. :bill. ;c20 cm. aIncludes bibliographical references.0 av. 1. Primary education -- 0aTeaching9179758 0aEducation, Primary.9182547 aPeterson, A. D. C.9182797 2ddccBK c61189d61189 00102ddc40718NFICaRUCLbRUCLcReadingd1984-05-03eDhaka : British councill0o371.3 TEC V-1 1971r2017-01-15 00:00:00tC-1w2021-12-09yBK